| 000 | 00824nam a22002177a 4500 | ||
|---|---|---|---|
| 999 |
_c15528 _d15528 |
||
| 003 | AR-CdUCM | ||
| 008 | 190429b ||||| |||| 00| 0 spa d | ||
| 040 |
_aMUNICIPALIDAD PROVINCIAL DEL CUSCO _cBIBLIOTECA MUNICIPAL DEL CUSCO |
||
| 082 |
_aC / 370.52 / _bSA17 |
||
| 100 |
_aSalas R., J. Wilbert _934628 |
||
| 245 |
_aColegio de Aplicación "Fortunato L. Herrera :" _bSección Diurna / |
||
| 260 |
_aCuzco : _bColegio "Fortunato L. Herrera", _c1968. |
||
| 300 |
_a42 páginas ; _bilustraciones, _c21 cm. |
||
| 505 | _aContenido: Reflexiones -- Marcha del Colegio -- Labor del personal -- Practica docente. | ||
| 650 |
_aEducación _9460 |
||
| 650 |
_aHistoria _9136 |
||
| 650 |
_aCusco _9772 |
||
| 710 |
_aUniversidad Nacional del Cuzco Facultad de Educación. _934629 |
||
| 942 |
_2ddc _cLIBROS |
||
| 945 |
_aachl _d2019-04-29 |
||